Click A Movie, Initially - Superhero Movies Quiz Stats

 Plays Quiz Updated Apr 28, 2018

Score 0/20 Timer 05:00
3 Plays Today
% Correct
Teenage Mutant Ninja Turtles
96.3%
Green Lantern
91.9%
X-Men
91.9%
Iron Man
91.3%
The Dark Knight
90.9%
Suicide Squad
90.1%
Ant-Man
89.6%
Fantastic Four
89.2%
Thor
88.5%
Guardians Of The Galaxy
88%
% Correct
The Avengers
87.7%
Kick-Ass
87.2%
Superman
85.6%
Batman Forever
80.6%
Deadpool
80.5%
Man Of Steel
79.7%
The Amazing Spider-Man
79.5%
Ghost Rider
78.4%
Sky High
75.9%
Watchmen
74.3%

You're not logged in!

Compare scores with friends on all Sporcle quizzes.
OR
Log In

You Might Also Like...

Show Comments

Extras

Top Quizzes Today


Score Distribution

Your Account Isn't Verified!

In order to create a playlist on Sporcle, you need to verify the email address you used during registration. Go to your Sporcle Settings to finish the process.

Report this User

Report this user for behavior that violates our Community Guidelines.

Details: